ბათუმის შოთა რუსთაველის სახელმწიფო უნივერსიტეტის ბიბლიოთეკა

წყალმომარაგება I ნაწ. : (ბიბ.ჩანაწერი № 56851)

000 -ლიდერი
ფიქსირებული სიგრძის საკონტროლო ველი 01419nam a2200241 4500
003 - საკონტროლო ნომრის იდენტიფიკატორი
საკონტროლო ველი Ge_BSU
005 - ბოლო ოპერაციის თარიღი და დრო
საკონტროლო ველი 20190516171416.0
008 - ფიქსირებული სიგრძის მონაცემთა ელემენტები - ზოგადი ინფორმაცია
ფიქსირებული სიგრძის საკონტროლო ველი 190516s1962 ge ||||| |||| 00| 0 geo d
041 ## - ენის კოდი
Language code of text/sound track or separate title geo
080 ## - უნივერსალური ათობითი კლასიფიკაციის ინდექსი
Universal Decimal Classification number 628.1 დ-43
100 ## - მთავარი ჩანაწერი - პიროვნების სახელი
Personal name დიასამიძე, ლ.
9 (RLIN) 760
245 ## - ცნობა სათაურის შესახებ
Title წყალმომარაგება I ნაწ. :
Remainder of title ქსელი და მისი ნაგებობანი /
Statement of responsibility, etc ლ. დიასამიძე, ქ. ქუთათელაძე, ი. გეგელაშვილი; რედ. ა. ზედგინიძე
264 ## - წარმოების, გამოცემის, დისტრიბუციის და სხვა ცნობები
გამოცემის, წარმოების, დისტრიბუციის... ადგილი თბილისი :
გამოცემის, წარმოების, დისტრიბუციის... სახელწოდება ვ.ი.ლენინის სახელობის საქართველოს პოლიტექნიკური ინსტიტუტის გამომცემლობა,
გამოცემის, წარმოების, დისტრიბუციის... თარიღი 1962
300 ## - ფიზიკური აღწერა
Extent 352 გვ. :
Other physical details ნახაზები, ცხრილები ;
Dimensions 22 სმ.
504 ## - BIBLIOGRAPHY, ETC. NOTE
Bibliography, etc ბიბლიოგრ. : გვ. 346 - 347.
653 ## - INDEX TERM--UNCONTROLLED
Uncontrolled term წყალმომარაგება
653 ## - INDEX TERM--UNCONTROLLED
Uncontrolled term წყლის გაწმენდა
653 ## - INDEX TERM--UNCONTROLLED
Uncontrolled term წყლის მოხმარება
700 ## - ADDED ENTRY--PERSONAL NAME
Personal name ქუთათელაძე, ქ .
Relator term ავტორი
9 (RLIN) 761
700 ## - ADDED ENTRY--PERSONAL NAME
Personal name გეგელაშვილი, ი.
Relator term ავტორი
9 (RLIN) 762
700 ## - ADDED ENTRY--PERSONAL NAME
Personal name ზედგინიძე, ა.
Relator term რედაქტორი
9 (RLIN) 1259
942 ## - ADDED ENTRY ELEMENTS (KOHA)
Source of classification or shelving scheme
Koha item type წიგნი
ეგზემპლარები
ჩამოწერის სტატუსი დაკარგული ეგზემპლარის სტატუსი კლასიფიკაციის წყარო ან თაროზე გაწყობის სქემა დაზიანების სტატუსი არ გაიცემა მუდმივი მდებარეობა (დაცვის ადგილი) ამჟამინდელი ადგილსამყოფელი თაროზე განთავსების ადგილი შეძენის თარიღი ღირებულება, შესყიდვის ნორმალური ფასი სრული შენახვის შიფრი შტრიხკოდი ბოლო ოპერაციის თარიღი ეგზემპლარის მიმდევრობითი ნომერი (კეტერი?) ფასის ძალაში შესვლის თარიღი ეგზემპლარის სახეობა საჯარო შენიშვნა
          ტექნოლოგიური ფაკულტეტის ბიბლიოთეკა ტექნოლოგიური ფაკულტეტის ბიბლიოთეკა წიგნსაცავი 2019-05-16 2.28 628.1 დ-43 11889 2019-05-16 11889 2019-05-16 წიგნი 2.28 ლ.
          ტექნოლოგიური ფაკულტეტის ბიბლიოთეკა ტექნოლოგიური ფაკულტეტის ბიბლიოთეკა წიგნსაცავი 2019-05-16 2.28 628.1 დ-43 11890 2019-05-16 11890 2019-05-16 წიგნი 2.28 ლ.